<?xml version="1.0" encoding="UTF-8"?><?xml-stylesheet type="text/xsl" href="static/style.xsl"?><OAI-PMH xmlns="http://www.openarchives.org/OAI/2.0/" xmlns:xsi="http://www.w3.org/2001/XMLSchema-instance" xsi:schemaLocation="http://www.openarchives.org/OAI/2.0/ http://www.openarchives.org/OAI/2.0/OAI-PMH.xsd"><responseDate>2026-04-17T01:49:14Z</responseDate><request verb="GetRecord" identifier="oai:www.recercat.cat:2072/419753" metadataPrefix="marc">https://recercat.cat/oai/request</request><GetRecord><record><header><identifier>oai:recercat.cat:2072/419753</identifier><datestamp>2024-10-29T16:27:34Z</datestamp><setSpec>com_2072_98</setSpec><setSpec>col_2072_378196</setSpec></header><metadata><record xmlns="http://www.loc.gov/MARC21/slim" xmlns:dcterms="http://purl.org/dc/terms/" xmlns:xsi="http://www.w3.org/2001/XMLSchema-instance" xmlns:doc="http://www.lyncode.com/xoai" xsi:schemaLocation="http://www.loc.gov/MARC21/slim http://www.loc.gov/standards/marcxml/schema/MARC21slim.xsd">
   <leader>00925njm 22002777a 4500</leader>
   <datafield ind2=" " ind1=" " tag="042">
      <subfield code="a">dc</subfield>
   </datafield>
   <datafield ind2=" " ind1=" " tag="720">
      <subfield code="a">García Mancebo, Elisabeth</subfield>
      <subfield code="e">author</subfield>
   </datafield>
   <datafield ind2=" " ind1=" " tag="720">
      <subfield code="a">Universitat Autònoma de Barcelona. Escola d'Enginyeria</subfield>
      <subfield code="e">author</subfield>
   </datafield>
   <datafield ind2=" " ind1=" " tag="260">
      <subfield code="c">2009</subfield>
   </datafield>
   <datafield ind2=" " ind1=" " tag="520">
      <subfield code="a">Una característica importante de la robótica es la comunicación entre sistema base y robot que puede establecerse de forma remota. Ello representa la base del proyecto que se describe a continuación, el cual se descompone de dos partes, una por cada miembro del proyecto: sistema software y sistema hardware. En el sistema software analizaremos las diferentes tecnologías inalámbricas (características, funcionamiento, seguridad, etc.), se realizará una comparativa de los diferentes módulos de comunicación y finalmente decidiremos aquellos que nos interesa para la implementación en Radiofrecuencia (RF) y Bluetooth. En este sistema también estudiaremos la interfaz gráfica que se utilizará, así como los programas creados en este entorno para realizar las implementaciones. En el sistema hardware trataremos de realizar el control de dos periféricos de forma independiente, un servomotor y un sonar, que nos servirán como ejemplo para analizar una posible comunicación entre varios robots y un PC. Por lo tanto, en este apartado analizaremos a fondo los diferentes componentes que harán posible tanto la comunicación, vía RF y Bluetooth, como el control de los diferentes dispositivos.</subfield>
   </datafield>
   <datafield ind2=" " ind1=" " tag="520">
      <subfield code="a">Nota: Aquest projecte està relacionat amb el de José Lao Albadalejo.</subfield>
   </datafield>
   <datafield tag="653" ind2=" " ind1=" ">
      <subfield code="a">Comunicació sense fil, Sistemes de</subfield>
   </datafield>
   <datafield tag="653" ind2=" " ind1=" ">
      <subfield code="a">Robòtica</subfield>
   </datafield>
   <datafield ind2="0" ind1="0" tag="245">
      <subfield code="a">Análisis de prestaciones de sistemas de comunicaciones inalámbricas en aplicaciones de robótica : sistema software</subfield>
   </datafield>
</record></metadata></record></GetRecord></OAI-PMH>